000 00622nam a2200265Ia 4500
005 20260306163605.0
008 008 260114s9999 xx 000 0 eng d
020 _a9781501747168
037 _aEBOOK
040 _aCRL
040 _beng
040 _cCRL
041 _2eng
041 _aeng
084 _qCRL
100 _aPhillips
245 0 _aWhen There Was No Aid: War And Peace In Somaliland
260 _bCornell University Press
260 _c2020
650 _aSocial Work
856 _uhttps://academic.oup.com/book/31313
942 _cEBOOK
999 _c1710713
_d1710713